ARRUPE JESUIT UNIVERSITY

CORONAVIRUS -STOP THE SPREAD - CLEAN,DISINFECT,COVER

The sorcerer of Bayreuth : (Record no. 122977)

MARC details
000 -LEADER
fixed length control field 01570cam a22003734a 4500
001 - CONTROL NUMBER
control field 17280247
003 - CONTROL NUMBER IDENTIFIER
control field ARRUPE
005 - DATE AND TIME OF LATEST TRANSACTION
control field 20150716165750.0
008 - FIXED-LENGTH DATA ELEMENTS--GENERAL INFORMATION
fixed length control field 120501s2012 nyua b 001 0beng
010 ## - LIBRARY OF CONGRESS CONTROL NUMBER
LC control number 2012017940
020 ## - INTERNATIONAL STANDARD BOOK NUMBER
International Standard Book Number 9780199933761
020 ## - INTERNATIONAL STANDARD BOOK NUMBER
International Standard Book Number 0199933766
035 ## - SYSTEM CONTROL NUMBER
System control number (OCoLC)ocn793726592
040 ## - CATALOGING SOURCE
Original cataloging agency DLC
Language of cataloging eng
Transcribing agency DLC
Modifying agency YDX
-- BTCTA
-- YDXCP
-- ERASA
-- OCLCO
-- BDX
-- BKL
-- ORX
-- VP@
-- DLC
042 ## - AUTHENTICATION CODE
Authentication code pcc
043 ## - GEOGRAPHIC AREA CODE
Geographic area code e-gx---
050 00 - LIBRARY OF CONGRESS CALL NUMBER
Classification number ML410.W1
Item number M57 2012
082 00 - DEWEY DECIMAL CLASSIFICATION NUMBER
Classification number 782.1092
-- B
Edition number 23
300 ## - PHYSICAL DESCRIPTION
Other physical details ill. (some col.) ;
Dimensions 25 cm.
100 1# - MAIN ENTRY--PERSONAL NAME
Personal name Millington, Barry.
9 (RLIN) 18326
245 14 - TITLE STATEMENT
Title The sorcerer of Bayreuth :
Remainder of title Richard Wagner, his work, and his world /
Statement of responsibility, etc Barry Millington.
260 ## - PUBLICATION, DISTRIBUTION, ETC. (IMPRINT)
Place of publication, distribution, etc New York :
Name of publisher, distributor, etc Oxford University Press,
Date of publication, distribution, etc c2012.
300 ## - PHYSICAL DESCRIPTION
Extent 320 p. :
504 ## - BIBLIOGRAPHY, ETC. NOTE
Bibliography, etc Includes bibliographical references and index.
600 10 - SUBJECT ADDED ENTRY--PERSONAL NAME
Personal name Wagner, Richard,
Dates associated with a name 1813-1883.
9 (RLIN) 18327
600 10 - SUBJECT ADDED ENTRY--PERSONAL NAME
Personal name Wagner, Richard,
Dates associated with a name 1813-1883
General subdivision Criticism and interpretation.
9 (RLIN) 2853
650 #0 - SUBJECT ADDED ENTRY--TOPICAL TERM
Topical term or geographic name as entry element Composers
Geographic subdivision Germany
Form subdivision Biography.
9 (RLIN) 18328
650 #0 - SUBJECT ADDED ENTRY--TOPICAL TERM
Topical term or geographic name as entry element Opera
Chronological subdivision 19th century.
9 (RLIN) 18329
856 42 - ELECTRONIC LOCATION AND ACCESS
Materials specified Contributor biographical information
Uniform Resource Identifier <a href="http://www.loc.gov/catdir/enhancements/fy1305/2012017940-b.html">http://www.loc.gov/catdir/enhancements/fy1305/2012017940-b.html</a>
856 42 - ELECTRONIC LOCATION AND ACCESS
Materials specified Publisher description
Uniform Resource Identifier <a href="http://www.loc.gov/catdir/enhancements/fy1305/2012017940-d.html">http://www.loc.gov/catdir/enhancements/fy1305/2012017940-d.html</a>
856 41 - ELECTRONIC LOCATION AND ACCESS
Materials specified Table of contents only
Uniform Resource Identifier <a href="http://www.loc.gov/catdir/enhancements/fy1305/2012017940-t.html">http://www.loc.gov/catdir/enhancements/fy1305/2012017940-t.html</a>
906 ## - LOCAL DATA ELEMENT F, LDF (RLIN)
a 7
b cbc
c orignew
d 1
e ecip
f 20
g y-gencatlg
942 ## - ADDED ENTRY ELEMENTS (KOHA)
Source of classification or shelving scheme Library of Congress Classification
Koha item type Monograph ( Printed materials)
Holdings
Withdrawn status Lost status Source of classification or shelving scheme Damaged status Not for loan Home library Current library Date acquired Total Checkouts Full call number Barcode Date last seen Price effective from Koha item type
    Library of Congress Classification     ARRUPE LIBRARY ARRUPE LIBRARY 16/07/2015   ML410.W1 M57 2012 46500004354 03/07/2018 16/07/2015 Monograph ( Printed materials)

 

Arrupe Library. PO Box MP320 Mt Pleasant, Harare, Zimbabwe
263 242 745411|librarian@aju.ac.zw